000 00645nam a2200229Ia 4500
008 191130s2007##################000#0#eng##
020 _a9780199299898
022 _a2007034982
040 _aACL
_cACL
082 _a345.420262 ORM
100 _aSmith, J. C
245 _aSmith's law of theft
_cDavid Ormerod
250 _a9th ed
260 _aOxford
_bOxford University Press
_c2007
300 _alvii, 497 p. ; 25 cm
500 _aIncludes bibliographical references and index
650 _aLarceny - Great Britain
700 _aOrmerod, David
990 _aac22db2eac10000c088016a4cd1f304b
991 _a418868
999 _c287596
_d287596